000 00571cam a2200205 4500
001 D9292
008 090401t1973 xxu||||| |||| 00| 0 eng d
035 _a(Sirsi) u18691
041 _aeng
050 _a301.31
090 _aRICS 1973/15ABC
110 _aTimes Newspapers Limited
_9255
245 _aConservation awards scheme 1973, (presented by) The Royal Institution of Chartered Surveyors and The Times
260 _aLondon
_bRICS
_c1973
300 _a32p
350 _a0
520 _aShelved at Archives box 1973/15 ABC
942 _n0
948 _c04/03/1997
999 _c87612
_d87612